<?xml version="1.0" encoding="UTF-8"?><?xml-stylesheet type="text/xsl" href="static/style.xsl"?><OAI-PMH xmlns="http://www.openarchives.org/OAI/2.0/" xmlns:xsi="http://www.w3.org/2001/XMLSchema-instance" xsi:schemaLocation="http://www.openarchives.org/OAI/2.0/ http://www.openarchives.org/OAI/2.0/OAI-PMH.xsd"><responseDate>2026-06-01T23:36:43Z</responseDate><request verb="GetRecord" identifier="oai:riuma.uma.es:10630/15513" metadataPrefix="marc">https://riuma.uma.es/rest/oai/request</request><GetRecord><record><header><identifier>oai:riuma.uma.es:10630/15513</identifier><datestamp>2026-02-03T12:24:03Z</datestamp><setSpec>com_10630_2254</setSpec><setSpec>col_10630_37959</setSpec></header><metadata><record xmlns="http://www.loc.gov/MARC21/slim" xmlns:dcterms="http://purl.org/dc/terms/" xmlns:doc="http://www.lyncode.com/xoai" xmlns:xsi="http://www.w3.org/2001/XMLSchema-instance" xsi:schemaLocation="http://www.loc.gov/MARC21/slim http://www.loc.gov/standards/marcxml/schema/MARC21slim.xsd">
   <leader>00925njm 22002777a 4500</leader>
   <datafield ind2=" " ind1=" " tag="042">
      <subfield code="a">dc</subfield>
   </datafield>
   <datafield ind2=" " ind1=" " tag="720">
      <subfield code="a">González Milea, Arasy</subfield>
      <subfield code="e">author</subfield>
   </datafield>
   <datafield ind2=" " ind1=" " tag="720">
      <subfield code="a">García-Ruiz, Carmen Rosa</subfield>
      <subfield code="e">author</subfield>
   </datafield>
   <datafield ind2=" " ind1=" " tag="260">
      <subfield code="c">2018-04-09</subfield>
   </datafield>
   <datafield ind2=" " ind1=" " tag="520">
      <subfield code="a">Mostramos en este trabajo la experiencia previa al diseño de una investigación sobre formación inicial del profesorado de Educación Infantil que, desde la reflexión sobre la práctica, pretende conocer cómo ayudar a futuras maestras a repensar el conocimiento social y superar conflictos internos en la interpretación y tratamiento de cuestiones sociales relevantes desde la literacidad crítica. &#xd;
En esta comunicación proponemos mostrar los resultados iniciales de una intervención en formación del profesorado que nos ayudará a realizar el diseño de una investigación que, desde la narración biográfica elaborada a partir de la práctica docente, permita entender la relevancia que otorgan futuras maestras a la necesidad de educar para una literacidad crítica desde los primeros niveles de escolarización.&#xd;
La escasa investigación que existe al respecto, especialmente en la etapa en cuestión, nos anima a partir de experiencias previas en las que el uso de la cultura popular y las nuevas tecnologías facilitan una enseñanza comprensiva para la construcción de identidades en contextos multiculturales con recursos como la literatura infantil o la novela gráfica.&#xd;
Abordar en el aula cuestiones sociales relevantes para una literacidad crítica, nos permitirá entender cómo podemos ayudar a futuras maestras a aprender a enseñar cómo se pueden diferenciar hechos de opiniones, argumentar la veracidad y la fiabilidad de las fuentes, distinguir la ideología de la información, y también a identificar silencios.</subfield>
   </datafield>
   <datafield ind1="8" ind2=" " tag="024">
      <subfield code="a">https://hdl.handle.net/10630/15513</subfield>
   </datafield>
   <datafield tag="653" ind2=" " ind1=" ">
      <subfield code="a">Profesores - Formación profesional - Congresos</subfield>
   </datafield>
   <datafield ind2="0" ind1="0" tag="245">
      <subfield code="a">Aprender a enseñar la literacidad crítica. Reinterpretar el conocimiento social desde la Educación Infantil.</subfield>
   </datafield>
</record>
</metadata></record></GetRecord></OAI-PMH>